00358cam a22000977a 4500008004000000082002200040100002100062245012500083260003900208300001300247180718b1969 xxu||||| |||| 00| 0 eng d aR706x71 C16/ST/19 aReuber, Grany L. aTask force on labour relations, study no. 19 Wage determination in Canadian manufacturing industriescby Grany L. Reuber aOttawabPrivy Council Officec1969 axi, 144p